100 Most Subscribed YouTubers - Statistics

General Stats
  • This quiz has been taken 46 times
  • The average score is 8 of 100
Answer Stats
Rank Subscribers Views Videos YouTuber % Correct
5th 111,000,000 28,907,078,853 4,700 PewDiePie
80%
4th 134,000,000 22,533,517,855 735 MrBeast
77%
1st 236,000,000 215,804,936,676 18,777 T-Series
66%
24th 58,800,000 15,502,370,555 368 Dude Perfect
26%
3rd 151,000,000 139,629,318,296 105,161 SET India
26%
16th 71,000,000 29,759,258,113 249 Justin Bieber
23%
36th 51,000,000 28,005,981,735 206 Taylor Swift
23%
34th 52,300,000 23,202,942,457 146 Ariana Grande
20%
11th 84,300,000 29,083,875,370 474 BLACKPINK
20%
74th 34,400,000 19,635,092,394 5,417 Markiplier
20%
9th 93,400,000 74,256,563,913 66,719 WWE
20%
2nd 154,000,000 151,784,209,682 858 Cocomelon - Nursery Rhymes
17%
6th 108,000,000 88,109,166,100 1,066 Kids Diana Show
17%
8th 93,500,000 73,020,153,113 527 Vlad and Niki
17%
72nd 35,300,000 2,954,184,262 619 YouTube
17%
13th 78,800,000 25,195,486,294 6,004 5-Minute Crafts
14%
90th 31,400,000 2,859,774,313 113 Dream
11%
12th 82,400,000 21,916,495,729 5,290 Goldmines
11%
7th 104,000,000 87,892,567,761 762 Like Nastya
11%
14th 77,200,000 92,511,752,378 64,661 Sony SAB
11%
26th 57,800,000 27,384,798,787 25,062 T-Series Bhakti Sagar
11%
10th 92,500,000 54,068,454,075 7,736 Zee Music Company
11%
19th 65,800,000 35,446,339,364 87,962 Zee TV
11%
44th 44,300,000 20,530,494,781 719 A4
9%
39th 46,400,000 19,131,649,268 16,966 Badabun
9%
15th 73,600,000 19,518,270,454 2,115 BANGTANTV
9%
18th 66,400,000 37,271,335,223 2,393 Canal KondZilla
9%
23rd 60,000,000 57,788,572,497 103,771 Colors TV
9%
32nd 52,900,000 29,203,248,755 263 Ed Sheeran
9%
41st 44,800,000 16,124,606,652 3,998 Felipe Neto
9%
17th 69,200,000 26,382,891,256 1,099 HYBE LABELS
9%
28th 56,100,000 14,111,665,677 409 Marshmello
9%
25th 58,700,000 58,831,097,067 40,013 Movieclips
9%
93rd 31,200,000 5,488,584,372 138 MrBeast Gaming
9%
63rd 37,900,000 13,200,163,838 157 One Direction
9%
82nd 32,400,000 12,338,729,494 188 Selena Gomez
9%
45th 44,200,000 7,623,300,325 1,456 Você Sabia?
9%
27th 56,200,000 39,169,413,319 19,019 Wave Music
9%
46th 44,000,000 4,189,466,438 525 whinderssonnunes
9%
30th 55,600,000 23,069,667,742 240,141 Aaj Tak
6%
54th 40,400,000 7,589,485,819 712 elrubiusOMG
6%
47th 43,900,000 24,810,729,401 120 Katy Perry
6%
51st 41,100,000 21,385,418,039 82 Rihanna
6%
21st 63,900,000 30,278,450,361 8,553 Shemaroo Filmi Gaane
6%
29th 55,800,000 27,518,098,379 3,438 Sony Music India
6%
79th 33,300,000 22,500,829,729 3,219 SSSniperWolf
6%
43rd 44,400,000 10,493,825,133 5,305 BRIGHT SIDE
3%
61st 38,000,000 3,157,149,166 182 CarryMinati
3%
22nd 61,700,000 42,402,504,383 542 ChuChu TV Nursery Rhymes & Kids Songs
3%
31st 55,300,000 25,630,858,223 140 EminemMusic
3%
40th 45,600,000 10,171,884,711 542 Fernanfloo
3%
37th 49,000,000 27,966,618,572 524 Infobells - Hindi
3%
38th 47,300,000 14,209,767,465 2,019 JuegaGerman
3%
55th 39,900,000 8,223,184,871 1,202 Luisito Comunica
3%
69th 36,400,000 21,785,871,531 163 Maroon 5
3%
20th 65,400,000 36,515,621,780 2,639 Pinkfong Baby Shark - Kids' Songs & Stories
3%
75th 34,300,000 53,909,678,494 2,313 Ryan's World
3%
89th 31,600,000 8,631,212,151 903 Techno Gamerz
3%
73rd 34,400,000 5,333,140,153 1,151 Total Gaming
3%
35th 52,000,000 32,822,871,349 3,519 YRF
3%
50th 41,400,000 34,940,005,784 1,305 Маша и Медведь
0%
71st 35,400,000 11,778,472,551 260,419 ABP NEWS
0%
49th 42,500,000 49,088,537,701 187,145 ABS-CBN Entertainment
0%
48th 42,900,000 12,352,159,407 366 Alan Walker
0%
85th 31,700,000 25,589,775,387 1,996 BabyBus - Kids Songs and Cartoons
0%
83rd 31,900,000 19,450,894,192 338 CVS 3D Rhymes & Kids Songs
0%
66th 37,600,000 21,840,682,394 471 Daddy Yankee
0%
81st 32,500,000 24,841,773,928 65 Galinha Pintadinha
0%
84th 31,800,000 22,711,820,162 593 Genevieve's Playhouse - Learning Videos for Kids
0%
86th 31,700,000 6,606,534,863 6,053 GENIAL
0%
42nd 44,700,000 29,548,818,661 3,179 Get Movies
0%
59th 38,500,000 24,893,605,834 4,153 GR6 EXPLODE
0%
76th 34,000,000 14,974,629,049 257,024 IndiaTV
0%
92nd 31,200,000 10,480,008,245 234 Jingle Toons
0%
80th 33,100,000 11,171,101,519 205 KHANDESHI MOVIES
0%
56th 39,800,000 5,037,831,205 253 Kimberly Loaiza
0%
77th 33,900,000 25,129,097,946 611 La Granja de Zenón
0%
52nd 40,700,000 38,784,151,379 2,280 Little Baby Bum - Nursery Rhymes & Kids Songs
0%
33rd 52,800,000 31,173,528,266 618 LooLoo Kids - Nursery Rhymes and Children's Songs
0%
58th 38,800,000 21,577,593,401 2,056 LUCCAS NETO - LUCCAS TOON
0%
91st 31,300,000 14,861,341,196 144 Luis Fonsi
0%
70th 35,900,000 22,892,955,222 696 Maria Clara & JP
0%
57th 39,000,000 22,262,575,526 1,056 Masha and The Bear
0%
68th 36,800,000 15,262,575,551 1,815 Mikecrack
0%
87th 31,600,000 10,295,710,708 2,886 Mr Bean
0%
97th 30,000,000 5,230,813,636 878 MR. INDIAN HACKER
0%
96th 30,200,000 22,024,049,116 2,607 Peppa Pig - Official Channel
0%
88th 31,600,000 12,878,655,989 11,791 rezendeevil
0%
53rd 40,700,000 25,838,316,296 308 Shakira
0%
99th 29,800,000 12,362,921,118 133 Shawn Mendes
0%
67th 37,300,000 20,406,912,286 932 shfa
0%
62nd 38,000,000 22,582,344,600 1,489 shfa2 - شفا
0%
98th 29,900,000 20,750,982,598 11,093 Spinnin' Records
0%
64th 37,700,000 41,517,741,118 662 Super Simple Songs - Kids Songs
0%
100th 29,300,000 14,650,975,946 478 Talking Tom
0%
65th 37,600,000 7,092,460,218 192,730 TEDx Talks
0%
60th 38,300,000 22,572,346,612 15,142 TheEllenShow
0%
95th 30,700,000 16,727,111,868 8,589 The Tonight Show Starring Jimmy Fallon
0%
94th 31,100,000 21,433,871,021 130 The Weeknd
0%
78th 33,600,000 15,227,837,062 7,379 VEGETTA777
0%
No matching quizzes found
Score Distribution
Percent of People with Each Score
Percentile by Number Answered
Your Score History
You have not taken this quiz